| 000 | 00979nam a22002177a 4500 | ||
|---|---|---|---|
| 005 | 20240530110631.0 | ||
| 008 | 170122s2014 ua g 000 0 ara d | ||
| 017 |
_a2013/11792 _bمصر. دار الكتب |
||
| 020 | _a9789774383894 | ||
| 040 |
_aEG-CaGPL _cEG-CaGPL |
||
| 082 | 0 | 4 |
_221 _a912.19\ _bر أ |
| 100 | 0 | _aرائد راكان قاسم الجوارى | |
| 245 | 1 | 0 |
_aاطلس العالم للشريف الادريسى 493 - 560 هـ 1100 - 1166 م : _bقمة ما بلغته الحضارة العربية الاسلامية من تطور فى علم الخرائط / _cرائد راكان قاسم الجوارى |
| 250 | _aط.1 | ||
| 260 |
_aالقاهرة : _bالمكتب الجامعى الحديث ، _c2014 . |
||
| 300 |
_a116 ص : _bصور لو ؛ _c30 سم. |
||
| 650 | 0 | 7 |
_2qrmak _aالحضارة الاسلامية . |
| 650 | 0 | 7 |
_2qrmak _aالحضارة الاسلامية _vصور . |
| 942 |
_2ddc _cBK |
||
| 999 |
_c63261 _d63261 |
||